Structure of matter: an introductory course with problems and solutions

Збережено в:
Бібліографічні деталі
Автори: Rigamonti, Attilio (Автор), Carretta, Pietro (Автор)
Формат: Книга
Мова:Англійська
Опубліковано: Milán Springer 2007
Редагування:1a. ed
Предмети:
Теги: Додати тег
Немає тегів, Будьте першим, хто поставить тег для цього запису!

MARC

LEADER 00000nam a2200000 a 4500
001 UCH7838
003 CL-VaPUC
008 091126e20070000IT |||||||||||||||||eng|d
020 |a 9788847005594 
082 0 4 |a 530.411  |b RIG  |2 21 
100 0 |a Rigamonti, Attilio  |e author  |9 544206 
700 0 |a Carretta, Pietro  |e author  |9 544207 
245 1 0 |a Structure of matter: an introductory course with problems and solutions 
250 |a 1a. ed 
300 |a 474 p 
942 |c BK 
945 |d 20091126 00:00:00  |a cmena 
260 |a Milán  |b Springer  |c 2007 
650 7 |a ESTRUCTURA DE LA MATERIA  |2 CL-VaPUC  |9 392583 
650 0 |a Estados de la Materia  |9 347141 
650 0 |a Mecánica cuántica  |9 306806 
650 0 |a Física del estado solido  |9 315365 
650 0 |a Átomos  |9 259583 
583 |a last modification  |c 20091126 00:00:00  |k Rodrigo Vera 
999 |c 338186  |d 338184 
952 |0 0  |1 0  |4 0  |6 530_411000000000000_RIG_2007  |7 0  |8 A  |9 431050  |a BIBCUR  |b BIBCUR  |d 2019-11-22  |i 4622189  |o 530.411 RIG 2007  |p 4622189  |r 2025-04-22  |w 2019-11-22  |y BK  |k DCF